Kierkegaard : (Registro nro. 326488)
[ vista simple ]
| 000 -ENCABEZADO | |
|---|---|
| Número de control [NR] | 01626nam a22002297a 4500 |
| 005 - FECHA Y HORA DE LA ÚLTIMA TRANSACCIÓN | |
| control field | 20260609095054.0 |
| 008 - DE LONGITUD FIJA DE DATOS DE ELEMENTOS - INFORMACIÓN GENERAL | |
| Elementos de longitud fija [NR] | 260609t2015 |||||||| |||| 00| 0 spa d |
| 040 ## - FUENTE DE CATALOGACION [NR] | |
| Agencia de catalogación original [NR] | CO-BoUCM |
| Idioma de catalogación [NR] | spa |
| Quien Cataloga | Stefania Borbon |
| Quien Clasifica | Stefania Borbon |
| 041 ## - CODIGO DE IDIOMA [R] | |
| Código de idioma para texto/pista de sonido o título separado [R] | Español |
| 100 ## - ASIENTO PRINCIPAL--NOMBRE PERSONAL [NR] | |
| Nombre personal [NR] | Solé, Joan |
| ID Autoridad | 52996 |
| 245 ## - MENCION DE TITULO [NR] | |
| Título [NR] | Kierkegaard : |
| Parte restante del título [NR] | el primer existencialista / |
| Mención de responsabilidad, etc. [NR] | Joan Solé |
| 260 ## - PUBLICACION, DISTRIBUCION, ETC. (PIE DE IMPRENTA) [R] | |
| Lugar de publicación, distribución, etc. [R] | España; |
| Nombre del editor, distribuidor, etc. [R] | Batiscafo, |
| Fecha de publicación, distribución, etc. [R] | 2015 |
| 490 ## - MENCION DE SERIE [R] | |
| Mención de serie [R] | Descubrir la filosofía |
| 520 ## - NOTA DE RESUMEN, ETC. [R] | |
| Nota de sumario, etc. [NR] | La obra ofrece una introducción integral al pensamiento de Søren Kierkegaard, considerado el padre del existencialismo. A través de sus páginas, se despliega un análisis que parte de la biografía intelectual del filósofo danés y su concepto de "dimensión interior", para adentrarse en los núcleos fundamentales de su filosofía: la crítica a la verdad objetiva del sistema hegeliano en favor de una "verdad existencial" subjetiva y apropiada; la descripción del "devenir existencial" del individuo a través de los estadios en el camino de la vida (estético, ético y religioso), con especial atención al "estadio religioso" como culmen de la existencia auténtica; y una reflexión final sobre la significación y la herencia de Kierkegaard en la filosofía contemporánea, la teología y la literatura. |
| 600 ## - ASIENTO SECUNDARIO DE MATERIA - NOMBRE PERSONAL [R] | |
| Nombre personal [NR] | Kierkegaard, Søren |
| Fechas asociadas con el nombre [NR] | 1813-1855 |
| Subdivisión general [R] | Ética |
| 9 (RLIN) | 189621 |
| 600 ## - ASIENTO SECUNDARIO DE MATERIA - NOMBRE PERSONAL [R] | |
| Nombre personal [NR] | Kierkegaard, Søren |
| Fechas asociadas con el nombre [NR] | 1813-1855 |
| Subdivisión general [R] | Crítica e interpretación |
| 9 (RLIN) | 189622 |
| 650 #4 - ASIENTO SECUNDARIO DE MATERIA - TERMINO TEMATICO [R] | |
| Término temático o nombre geográfico como elemento de entrada [NR] | Existencialismo |
| 9 (RLIN) | 15411 |
| 650 #4 - ASIENTO SECUNDARIO DE MATERIA - TERMINO TEMATICO [R] | |
| Término temático o nombre geográfico como elemento de entrada [NR] | Filosofía danesa |
| Subdivisión cronológica [R] | Siglo XIX |
| 9 (RLIN) | 189623 |
| 650 #4 - ASIENTO SECUNDARIO DE MATERIA - TERMINO TEMATICO [R] | |
| Término temático o nombre geográfico como elemento de entrada [NR] | Cristianismo |
| Subdivisión general [R] | Filosofía |
| 9 (RLIN) | 189624 |
| 942 ## - ELEMENTOS DE ENTRADA AGREGADOS (KOHA) | |
| Sistema de clasificación | DEWEY |
| Tema principal | Filosofía |
| Tipo de ítem principal el descrito en 300a | Libro |
| Edición | 1 |
| Clasificación | 198.9 |
| Parte restante de la signatura top. | S685k |
| Total préstamos | Signatura topográfica | Código de barras | Última vez visto | Ejemplar | Costo de reposición | Price effective from | Tipo de ítem | Perdido | Sistema de clasificación | Dañado | No prestable | Tipo de ítem específico | Suprimido | Ubicación habitual | Ubicación actual | Localización | Fecha de creación | Forma de adquisición |
|---|---|---|---|---|---|---|---|---|---|---|---|---|---|---|---|---|---|---|
| 198.9 S685k | 100175387 | 09/06/2026 | Ej.1 | 26000.00 | 09/06/2026 | Libro | DEWEY | Libro | Claustro | Claustro | 2do piso | 09/06/2026 | Donación |